| 000 | 00766nam a22002297a 4500 | ||
|---|---|---|---|
| 999 |
_c20637 _d20637 |
||
| 005 | 20191211065641.0 | ||
| 008 | 191211b xxu||||| |||| 00| 0 spa d | ||
| 020 | _a9789587611687 | ||
| 040 |
_aCO-BoIAVH _cCO-BoIAVH |
||
| 041 | _aspa | ||
| 044 | _ack | ||
| 082 |
_a594 _bL63c |
||
| 100 | _aLinares Castillo, Edgar Leonardo | ||
| 245 | _aCatalogo de los moluscos continentales de Colombia. | ||
| 260 |
_aBogotá: _bUniversidad Nacional de Colombia, _bFacultad de Ciencias, _bInstituto de Ciencias Naturales, _c2012. |
||
| 300 |
_a360 Páginas: _c24 x 17 cm. |
||
| 650 | 0 | _aMoluscos | |
| 650 | 0 | _aGasterópodos | |
| 650 | 0 |
_aBivalvos _zColombia |
|
| 650 | 0 | _aConservación de la diversidad biológica. | |
| 942 |
_2ddc _cLIBRO |
||